Sucessful selling in 7 Simple (Record no. 3015)

MARC details
000 -LEADER
fixed length control field 00410nam a22001697a 4500
005 - DATE AND TIME OF LATEST TRANSACTION
control field 20160617164751.0
008 - FIXED-LENGTH DATA ELEMENTS--GENERAL INFORMATION
fixed length control field 160617b xxu||||| |||| 00| 0 eng d
020 ## - INTERNATIONAL STANDARD BOOK NUMBER
ISBN 81-7929-089-1
041 ## - LANGUAGE CODE
Language code of text/sound track or separate title eng
082 ## - DEWEY DECIMAL CLASSIFICATION NUMBER
Item number 8046
100 ## - MAIN ENTRY--AUTHOR NAME
Personal name Michigan, E.A & Sethi Rajeev
245 ## - TITLE STATEMENT
Title Sucessful selling in 7 Simple
260 ## - PUBLICATION, DISTRIBUTION, ETC. (IMPRINT)
Name of publisher Infinity Book
Year of publication 2004
300 ## - PHYSICAL DESCRIPTION
Number of Pages 207
650 ## - SUBJECT ADDED ENTRY--TOPICAL TERM
Topical Term Management
942 ## - ADDED ENTRY ELEMENTS (KOHA)
Koha item type Books
Holdings
Lost status Damaged status Collection code Home library Current library Shelving location Date acquired Cost, normal purchase price Full call number Accession Number Koha item type
    LIFE SKILL JRU Library JRU Library SHELF-102-G 17/06/2016 175.00 8046 8046 Books